Laboratory Manual of hospital pharmacy (Record no. 8268)

MARC details
000 -LEADER
fixed length control field 00339nam a2200133Ia 4500
008 - FIXED-LENGTH DATA ELEMENTS--GENERAL INFORMATION
fixed length control field 191201s2018 xx 000 0 und d
082 ## - DEWEY DECIMAL CLASSIFICATION NUMBER
Classification number 615.1 AQL
100 ## - MAIN ENTRY--PERSONAL NAME
Personal name AQIL, Mohammed
245 #0 - TITLE STATEMENT
Title Laboratory Manual of hospital pharmacy
260 ## - PUBLICATION, DISTRIBUTION, ETC. (IMPRINT)
Name of publisher, distributor, etc Birla Pub
Place of publication, distribution, etc New Delhi
Date of publication, distribution, etc 2018
300 ## - PHYSICAL DESCRIPTION
Extent 102
650 ## - SUBJECT ADDED ENTRY--TOPICAL TERM
Topical term or geographic name as entry element Hospital Pharmacy
942 ## - ADDED ENTRY ELEMENTS (KOHA)
Source of classification or shelving scheme Dewey Decimal Classification
Koha item type Text Books
Holdings
Withdrawn status Lost status Source of classification or shelving scheme Damaged status Not for loan Collection code Home library Current library Date acquired Source of acquisition Cost, normal purchase price Bill Number Total Checkouts Full call number Acc. no. / Barcode Date last seen Date last borrowed Actual Cost, discounted price Bill Date Koha item type
    Dewey Decimal Classification     Diploma in Pharmacy PIET C-LIBRARY PIET C-LIBRARY 25/03/2019 Kirti Prakashan 150.00 IN 3105 2 615.1 AQL DP286 14/06/2022 14/04/2021 100.50 12/03/2019 Text Books
    Dewey Decimal Classification     Diploma in Pharmacy PIET C-LIBRARY PIET C-LIBRARY 25/03/2019 Kirti Prakashan 150.00 IN 3105   615.1 AQL DP287 04/12/2019   100.50 12/03/2019 Text Books
    Dewey Decimal Classification     Diploma in Pharmacy PIET C-LIBRARY PIET C-LIBRARY 25/03/2019 Kirti Prakashan 150.00 IN 3105   615.1 AQL DP288 04/12/2019   100.50 12/03/2019 Reference Books
    Dewey Decimal Classification     Diploma in Pharmacy PIET C-LIBRARY PIET C-LIBRARY 25/03/2019 Kirti Prakashan 150.00 IN 3105   615.1 AQL DP289 21/01/2021   100.50 12/03/2019 Text Books

Design & Developed by: PIET Central Library
R70 Miles Stone Pattikalyana Samalkha Panipat 132102
mail ID :- [email protected], Phone No:- 0180-2569700 Ex.216